000 00275nam a22001217a 4500
008 170619b xxu||||| |||| 00| 0 eng d
041 _aeng
080 _a94
100 _a18
101 _aSHH
245 _aMONETARY POLICY IN THE UNITED STATES
_cMAY.TH
942 _2udc
_cBK
999 _c18103
_d18103